Prueba de Malí - Estadísticas

Estadísticas generales
  • Esta prueba ha sido intentada 550 veces
  • La puntuación promedio es 13 de 19
Estadísticas de respuestas
Pregunta Respuesta % Correcto
La religión más común Islam
96%
Países limítrofes Níger
96%
Gran desierto que cubre el norte de Malí Sahara
96%
Países limítrofes Mauritania
94%
Países limítrofes Argelia
93%
Idioma oficial Francés
93%
Países limítrofes Senegal
90%
Países limítrofes Burkina Faso
89%
Países limítrofes Guinea
86%
Países limítrofes Costa de Marfil
79%
Capital Bamako
75%
Una importante línea de longitud que atraviesa el este de Malí Primer Meridiano
67%
Antigua ciudad en el centro de Malí que una vez fue un importante centro de comercio Tombuctú
55%
¿De qué está construida la Gran Mezquita de Djenné? Adobe
54%
Zona semiárida situada al sur de la respuesta anterior Sahel
52%
El gobernante del Imperio de Malí a veces llamado (incorrectamente) la persona más rica de la historia Mansa {Musa}
36%
Entre todos los países, Malí está empatado en cuanto a la ________ media anual más alta Temperatura
32%
Nombra uno de los dos grupos étnicos más comunes de Malí Mande | Fula
23%
Palabra que comienza con la G que se refiere a un bardo o narrador de África Occidental Griot
14%
No se encontraron pruebas coincidentes
Distribución de puntuación
Porcentaje de gente con cada puntuación
Porcentaje por número respondido
Historial de tus puntuaciones
No has intentado esta prueba.